00418nam a2200157Ia 45000010006000000050017000060080041000230410008000640820017000721000025000892450093001142600009002073000028002166500008002446540008002521847420260306171633.0260306s9999||||xx |||||||||||||| ||und|| aESP a658.406bC24 aCameron, Kim S.eAUT 0aDiagnosing and changing organizational culture:bbased on the competing values framework c2011 a268 páginas :c23 cm. aGEN aCAN